Five Nights at Freddys - All Balloon Kids - Statistics

General Stats
  • This quiz has been taken 16 times
  • The average score is 11 of 12
Answer Stats
In What Game Answer % Correct
FNAF WORLD Adventure Balloon Boy
100%
FNAF WORLD Adventure JJ
100%
FNAF 2 Balloon Boy
100%
UCN Dee Dee
100%
FNAF 2 JJ
100%
FNAF 4 Nightmare Balloon Boy
100%
FNAF 3 Phantom Balloon Boy
100%
FNAF WORLD Adventure Nightmare Balloon Boy
92%
FNAF WORLD Adventure Phantom Balloon Boy
92%
FNAF WORLD Adventure Dee Dee
69%
FNAF WORLD Browboy
69%
FNAF WORLD Ballboy
62%
No matching quizzes found
Score Distribution
Percent of People with Each Score
Percentile by Number Answered
Your Score History
You have not taken this quiz